000
00330nam a2200145Ia 4500
008
231217s9999 xx 000 0 und d
041
_a
English
082
_a
160.076 CHO `R'
100
_a
Chopra, Ravi
245
0
_a
Reasoning N'Reasoning
260
_c
2000
_b
Galgotia
300
_a
1157
650
_a
Reasoning
942
_c
AA
999
_c
166888
_d
166888